| 000 | 00411 a2200157 4500 | ||
|---|---|---|---|
| 005 | 20260428150745.0 | ||
| 008 | 260427b |||||||| |||| 00| 0 eng d | ||
| 020 | _a9780000302199 | ||
| 080 |
_aFM _bRAM/PR |
||
| 100 | _a Ramachandran,M | ||
| 245 | _aParas(പാരസ്) | ||
| 260 |
_bNational Book Stall _aKottayam _c2015 |
||
| 300 | _a136p. | ||
| 653 | _aFiction-Novel-Malayalam Literature | ||
| 942 | _cBK | ||
| 999 |
_c115500 _d115499 |
||